000 00923aam a2200301 i 4500
001 768714001
003 CO-MdFUSB
005 20250901144816.0
007 ta
008 250901t1981 -us |||| |||| 00| 0 spa d
020 _a0-311-40026-4
040 _cCO-MdFUSB
041 0 _aspa
082 0 4 _223
_a249.8
_bC8759e
245 1 0 _aCumbres de inspiración :
_bmeditaciones diarias para la juventud
_c/ compilado por Charles E. Cowman ; traducido por Adolfo Robleto
250 _aquinta edición revisada
264 1 _bMundo Hispano,
_aEl Paso, TX., USA :
_c[1981]
264 4 _c©1981
336 _atexto
_btxt
_2rdacontent
337 _2rdamedia
_asin mediación
_bn
338 _2rdacarrier
_avolumen
_bnc
563 _aRústico
653 _aDevocionales para los jóvenes
700 _aCowman, Charles E.,
_910698
_ecompilador
700 _aRobleto, Adolfo
_99228
_etraductor
942 _cBK
945 _aJTF-925
999 _c38445
_d38445